000
00284nam a22001337a 4500
003
SGT
082
_a
370
_b
G02R
100
_a
RUHELA, S.P.
245
_a
GANDHIAN IDEAS ON EDUCATION
260
_a
NEW DELHI
_b
INDIAN PUB
_c
2002
300
_a
199
650
_a
EDUCATION
942
_2
ddc
_c
BK
999
_c
12559
_d
12559